00673nam a2200205 a 4500020002200000040000600022082002600028245012000054260004100174300002800215490001100243500004600254500001900300650001300319650001400332650001800346650001100364710003700375710005500412 a0889363722 (pbk.) ca a634 CEN 1983 A049 Or.00aLeucaena research in the Asian-Pacific Region :bproceedings of a workshop held in Singapore, 23-26 November 1982 / aOttawa, Canada :bThe Centre,cc1983 a192 p. :bill. ;c25 cm1 aIDRC ; aAbstracts in English, French, and Spanish aIncludes index 0aLeucaena 0aLead tree 0aForage plants 0aTimber20aNitrogen Fixing Tree Association20aInternational Development Research Centre (Canada)